[Event "Dyfed Open"]
[Site "?"]
[Date "2018.02.17"]
[Round "2"]
[White "Buttell, David"]
[Black "Di-Vetta, Andrew"]
[Result "0-1"]
[WhiteElo "1782"]
[BlackElo "1665"]
[Annotator "Rudy"]
[PlyCount "110"]
[EventDate "2018.??.??"]

1. d4 Nf6 2. c4 e6 3. Nf3 b6 4. g3 Bb4+ (4... Ba6) 5. Bd2 Qe7 (5... Bxd2+) (
5... Be7) (5... a5) 6. Bg2 Bb7 7. O-O Bxd2 8. Qxd2 O-O 9. Nc3 a6 $146 (9... d6)
(9... Ne4) (9... d5) 10. Ne1 (10. d5 $5 {Komodo11- blocks off the QB & perhaps
gains f5, as in Turner-Buttell Rd1}) 10... Bxg2 11. Nxg2 Qb4 12. b3 d5 13. Ne4
Qxd2 14. Nxd2 Nc6 15. e3 Ne7 $11 16. Rfc1 c6 (16... Ne4 $11) 17. Rc2 Rfc8 18.
Rac1 Kf8 19. Nf4 Ke8 20. Nd3 a5 21. Kg2 $14 (21. f3 $14) 21... Ne4 22. Nxe4
dxe4 23. Nb2 (23. Nf4) 23... f5 24. Na4 Rab8 25. Nc3 Rd8 26. h3 (26. h4) 26...
g5 27. g4 Kf7 28. Kg3 Kg6 29. Na4 Rf8 30. c5 b5 31. Nb6 Rbd8 $11 (31... f4+ 32.
Kg2 Rfd8 $11) 32. a4 f4+ 33. Kg2 fxe3 (33... f3+ 34. Kg3 Rh8 35. Rh1 h5 36.
Rcc1 Rh7 $17 {Komodo11- Bl can double on the h file} 37. Rh2 $2 h4#) 34. fxe3
Rf3 35. Re2 $11 e5 (35... Nd5 36. Nxd5 exd5 37. axb5 cxb5 38. c6 Rc8 39. Rc5 a4
$11 {Komodo11}) 36. axb5 exd4 37. exd4 Rxd4 38. Nc4 (38. Rxe4 Rxe4 39. Kxf3
Rf4+ 40. Ke3 cxb5 41. c6 Rf6 42. Nd7 Re6+ 43. Kd4 Rd6+ 44. Ke4 a4 45. bxa4 bxa4
46. Ne5+ Kf6 47. c7 Nc8 48. Rf1+ Kg7 49. Rf7+ Kg8 50. Rf3 $14 {Komodo11}) 38...
Rxb3 39. b6 (39. Rf2 Rxb5 40. Ne5+ Kh6 (40... Kg7 41. Rf7+ Kg8 42. Rxe7 Rd2+
43. Kg1 Rbb2 $11) 41. Nf7+ Kg6 42. Ne5+ $11 {Komodo11}) 39... a4 (39... Nd5 40.
Kh2 Nf4 41. Re3 Rxe3 42. Nxe3 Rb4 43. Rc4 Rb2+ 44. Rc2 Rb3 45. Nf5 Kf6 46. Nd4
Rxh3+ 47. Kg1 Rd3 48. Nxc6 e3 49. b7 e2 50. Rxe2 Nxe2+ 51. Kf1 Rb3 52. Nxa5
Rxb7 53. Nxb7 Nd4 $11 {Komodo11}) 40. Ra2 (40. Na5 Rb5 41. Rc4 Rxc4 42. Nxc4
Nd5 43. Rb2 Rxb2+ 44. Nxb2 a3 45. b7 a2 46. b8=Q a1=Q $11 {Komodo11}) 40... Rb4
41. Ne3 Nd5 42. Nc2 $2 (42. Nxd5 Rxd5 43. Rf2 e3 44. Re2 Rd3 45. Kf3 Rf4+ 46.
Kg3 Kf6 $17 {Komodo11}) 42... Rd2+ $19 43. Kh1 Rb3 44. Rxa4 Rxh3+ 45. Kg1 Rb3 (
45... Rg3+ 46. Kh1 Nf4 47. Ra3 Rxg4 48. Ne1 Rf2 49. Rcc3 Rf1+ 50. Kh2 Rgg1 51.
Rc2 Rh1+ 52. Kg3 Rh3+ 53. Kg4 h5# {Komodo11}) 46. Rxe4 (46. Rd4 e3 47. Rxd2
exd2 48. Rd1 Rb5 49. Rxd2 Rxc5 50. b7 Rb5 51. Nd4 Rxb7 52. Nxc6 Ne3 53. Rd6+
Kg7 54. Rd4 Rf7 55. Re4 Rf1+ 56. Kh2 Re1 57. Ra4 h5 58. gxh5 Kh6 $15 {but Wh
will most likely be able to give up the N for Bl's last pawn ( though there
might be some winning chances left with the Wh K in the corner)}) 46... Nf4 $19
47. Nd4 Rxd4 (47... Rg3+ 48. Kf1 (48. Kh1 Rh3+ 49. Kg1 Rg2+ 50. Kf1 Rh1#) 48...
Rh3 49. Re2 Rxd4 $19 {Komodo11}) 48. Rxd4 Ne2+ 49. Kg2 Nxd4 $19 50. Rd1 Rb4 51.
b7 Ne6 52. Rd6 Kf6 53. Rxc6 Rxb7 54. Ra6 Rc7 55. c6 Nd4 0-1

[Event "Dyfed Open"]
[Site "?"]
[Date "2018.02.17"]
[Round "2"]
[White "Jones, Martin C"]
[Black "Jones, Gavin"]
[Result "1-0"]
[WhiteElo "1769"]
[BlackElo "1658"]
[Annotator "Rudy"]
[PlyCount "107"]
[EventDate "2018.??.??"]

1. e4 e6 2. d4 d5 3. Nd2 Nf6 4. e5 Nfd7 5. Bd3 c5 6. c3 Nc6 7. Ne2 cxd4 8. cxd4
f6 9. exf6 Qxf6 (9... Nxf6 {main}) 10. Nf3 Bd6 (10... h6) 11. Bg5 (11. O-O)
11... Qf7 12. O-O Nf6 (12... O-O 13. Bh4 {main}) 13. Rc1 $146 (13. Bh4 O-O 14.
Bg3 Bxg3 (14... Qc7 15. Rc1 Bxg3 16. hxg3 Qd6 {Slade-Fathallah, GBR ch,
Aberystwyth 2014,0-1}) 15. Nxg3 Bd7 {main}) 13... e5 $6 {a little early, with
the K still in the middle} (13... O-O) 14. dxe5 $18 (14. Rxc6 $1 bxc6 15. dxe5
$18 {Komodo11 & Stockfish9}) 14... Nxe5 15. Bb5+ (15. Nxe5 Bxe5 16. Bb5+ Bd7 (
16... Nd7 17. f4 Bd6 18. Nc3 O-O 19. Nxd5 $18) 17. Bxf6 gxf6 18. f4 Bxb5 19.
fxe5 Bxe2 20. Qxe2 O-O 21. Rxf6 $18 {Stockfish9}) 15... Bd7 16. Bxd7+ (16. Nxe5
$18 {previous note}) 16... Nexd7 (16... Nfxd7 17. Nxe5 Bxe5 18. f4 Bd6 19. Nc3
O-O 20. Nxd5 $16 {Stockfish9}) 17. Nc3 (17. Bf4 Bxf4 18. Nxf4 O-O 19. Rc7 $18 {
Stockfish9}) 17... O-O 18. Nb5 Bb4 19. Qd4 (19. Rc7 $18) (19. Qb3 $16) 19...
Ba5 20. b4 (20. Nd6 Qe6 21. Bxf6 Nxf6 22. Nxb7 Bb6 23. Nc5 Qf5 24. Qe5 Qxe5 25.
Nxe5 $16 {Stockfish9}) 20... Bb6 $11 21. Qh4 Ne4 22. Be3 Bxe3 (22... Bd8 $11)
23. fxe3 Qe6 $2 (23... Ndf6 24. Rc7 Qg6 25. Nbd4 (25. Rxb7 Ng4 26. Qe1 Qa6 $19)
25... Ng4 $11 {Stockfish9}) 24. Nbd4 $2 {intent on the barricade of the IQP,
Wh misses} (24. Nc7 $18) 24... Qb6 $11 (24... Qd6 $11) 25. Qe7 (25. Ng5) 25...
Rf7 26. Qe6 Qd6 27. Ng5 Qxe6 28. Ngxe6 (28. Ndxe6) 28... Rxf1+ 29. Rxf1 (29.
Kxf1 $16 {keeps the c file}) 29... Rc8 $11 30. Nf5 Re8 $2 (30... Rc2 {Rs
should be kept active} 31. Nexg7 Rxa2 32. Nh5 Kf7 33. Nd6+ Ke6 34. Nxb7 Nd2 35.
Rd1 Nb6 $11) 31. Nexg7 Re5 32. Nh5 (32. Rc1 $18 {the distant open file}) 32...
Re6 (32... Kf7) 33. Nf4 Re5 (33... Ra6) 34. Nxd5 $18 Kf7 35. Nd4+ Kg6 36. Nf4+
Kg7 37. h4 (37. Rc1) 37... Nef6 38. Rc1 $1 Ne8 39. Nde6+ Kf6 40. Rc8 (40. Nd4)
40... Nd6 (40... Rxe6 41. Nxe6 Nd6 42. Nc5 Nxc8 43. Nxd7+ Ke7 44. Nc5 $18) 41.
Rh8 (41. Rc7) 41... Rxe6 42. Nxe6 Kxe6 43. Rxh7 Nb6 44. g4 Nd5 45. b5 Nc3 46.
g5 Ncxb5 47. Rh6+ (47. h5 Kf5 48. g6 Ke6 49. a4 Na3 50. Rc7 $18) 47... Kf7 48.
Rf6+ (48. a4 {wins a N}) 48... Kg8 49. h5 a5 50. h6 a4 51. g6 a3 52. Rf4 (52.
h7+ Kg7 53. Rf8) 52... Nc3 53. h7+ Kg7 54. Rf7+ (54. Rf8) 1-0

[Event "Dyfed Open"]
[Site "?"]
[Date "2018.02.17"]
[Round "2"]
[White "Owen, Neil"]
[Black "Denham, Colin"]
[Result "1-0"]
[WhiteElo "1760"]
[BlackElo "1653"]
[Annotator "Rudy"]
[PlyCount "120"]
[EventDate "2018.??.??"]

1. d4 Nf6 2. Nf3 d5 3. g3 c6 4. Bg2 Nbd7 5. O-O Nb6 {unusual, not clear the N
does belong here- though it does impede Wh playing c4} (5... e6 {Closed Catalan
}) (5... g6 {Schlechter-Grunfeld}) 6. Re1 (6. b3) (6. Nbd2) 6... Bg4 (6... Bf5
7. Nbd2 e6 8. c3 Be7 9. Ne5 Bd6 10. Ndf3 Qc7 11. Nd3 Nbd7 12. Bf4 Bxf4 13. Nxf4
O-O {Groiss-Zinn, Zittau 1957,1/2-1/2}) 7. a4 a5 8. Ne5 Bh5 9. f3 Nfd7 (9... e6
) 10. Nd3 Bg6 11. e4 e6 12. Nf4 dxe4 13. fxe4 Be7 (13... e5 14. Nxg6 hxg6 15.
c3 exd4 16. cxd4 Bb4 $11 {Komodo11}) 14. Nd2 (14. e5 Bf5 15. Rf1 $14 {Komodo11}
) (14. Nxg6 hxg6 15. e5 c5 16. d5 Nxd5 17. Bxd5 exd5 18. Qxd5 Nf8 19. Qxb7 Ne6
20. Nc3 Rb8 21. Qc6+ Kf8 22. Nb5 Rh5 23. Qe4 $16 {Komodo11}) 14... Nf6 (14...
e5 $11) 15. c3 Qc7 16. h4 (16. Nxg6 hxg6 17. Nf3 O-O 18. Bf4 $16 {Komodo11})
16... h6 (16... e5 17. dxe5 Qxe5 18. Nf3 Bc5+ 19. Be3 Bxe3+ 20. Rxe3 Qe7 21.
Nd4 Nc4 22. Re1 O-O 23. e5 Nxe5 24. h5 Nxh5 25. Nxh5 Rfe8 26. Nf4 Qg5 27. Re3
Nc4 28. Re2 (28. Rf3 Be4 29. Rf2 Qxg3 $11) 28... Qxg3 29. Qe1 Qxe1+ 30. Raxe1
Kf8 31. b3 $14 {Komodo11}) 17. e5 $18 Nfd7 18. Nxg6 fxg6 19. Qg4 Nf8 20. Be4 (
20. Rf1) (20. Nb3) 20... O-O-O 21. Bxg6 (21. Nb3) 21... Nxg6 22. Qxe6+ Qd7 23.
Qxg6 Qh3 24. Ne4 $18 Rhf8 25. b3 Rf3 26. Qxg7 {too mercenary} (26. Ra2 $18 {
protects everything}) 26... Bf8 (26... Bg5 $1 27. hxg5 Rxg3+ 28. Nxg3 Qxg3+ $11
{Komodo11}) (26... Nd5 27. Ra2 Nxc3 28. Rh2 Qe6 29. Qxh6 Qg8 30. Rg2 Nxe4 31.
Rxe4 Rxg3 32. Qd2 Qxb3 $11 {Komodo11, the Wh K is still exposed}) 27. Qg6 $16
Nd5 28. Ra2 Ne7 29. Qh7 (29. Qh5 Rxg3+ 30. Nxg3 Qxg3+ 31. Kf1 Qxc3 32. Qg4+ Kb8
33. Rf2 $16 {Komodo11}) 29... Rxg3+ 30. Nxg3 Qxg3+ 31. Kf1 Qh3+ (31... Qxc3 32.
Qc2 Qh3+ 33. Qg2 Qxb3 34. Ra3 Qc4+ 35. Qe2 Qxd4 36. Qe4 Qb4 37. Rf3 Nd5 38. Kg2
h5 $14 {Komodo11}) 32. Rg2 $18 Qh1+ 33. Kf2 Qxh4+ 34. Ke2 (34. Rg3 Qh2+ 35. Kf3
) 34... Qh5+ (34... c5 35. Kd2 Qh3 36. Qe4 cxd4 37. Qg4+ Qxg4 38. Rxg4 dxc3+
39. Kxc3 $18 {Komodo11}) 35. Kd2 c5 36. Qe4 (36. Rf2) 36... cxd4 37. Qg4+ Qxg4
38. Rxg4 dxc3+ 39. Kxc3 $18 Nf5 40. Rc4+ Kb8 41. Rf1 Ne7 42. Kc2 (42. e6) 42...
Nd5 43. Re1 (43. e6) 43... Nb4+ 44. Kb1 Rd3 45. Re3 Rd8 46. e6 Nc6 47. Re1 (47.
Rf3) 47... Re8 48. Bf4+ Kc8 49. Bd2 Kb8 50. Kc2 Nb4+ 51. Bxb4 Bxb4 52. Re2 b6
53. Kd3 {the K coming up seals the game for Wh} Bc5 54. Rh4 Rd8+ 55. Kc4 Rc8
56. Kd5 Rd8+ 57. Ke5 Bd6+ 58. Kf5 (58. Kf6) 58... Rf8+ 59. Kg6 Be7 60. Rc4 Kb7
$18 1-0

[Event "Dyfed Open"]
[Site "?"]
[Date "2018.02.17"]
[Round "2"]
[White "Greatorex, Roger"]
[Black "Miller, John S"]
[Result "1-0"]
[WhiteElo "1722"]
[BlackElo "1648"]
[Annotator "Rudy"]
[PlyCount "63"]
[EventDate "2018.??.??"]

1. d4 Nf6 2. c4 g6 3. Nc3 Bg7 4. e4 d6 5. f3 O-O 6. Be3 e5 (6... Nc6 {
alternative}) 7. d5 Ne8 (7... c6) (7... Nh5) (7... Nbd7) 8. g4 {looks a little
early} (8. Qd2) (8. Bd3) 8... Bf6 {to take advantage of the weakened bl
squares in Wh's position} (8... Bh6 {would also do that} 9. Qd2 (9. Bxh6 Qh4+)
9... Bxe3 10. Qxe3 Qh4+) (8... f5 {main, consistent} 9. gxf5 gxf5 10. Qd2 f4
11. Bf2 {with chances for both sides}) 9. Qd2 (9. Nge2 Bh4+ 10. Ng3 g5 11. Qd2
Ng7 12. O-O-O f6 13. Nf5 {Breitfuss-Letzel, Bad Griesbach Seniors 2002,1-0})
9... Bh4+ 10. Kd1 f5 {logical, to open up the centre while the K is still there
} (10... g5 {erecting the barricades} 11. Kc2 c5 12. Nge2 Qf6 13. Ng3 Qe7 14.
Nf5 Bxf5 15. gxf5 f6 16. Bd3 h6 17. Rag1 Qg7 18. Ne2 Kf7 19. f4 Ke7 {
Nadal-Montenegro Gonzalez, Mallorca ch, Palma de Mallorca 2000, 1/2-1/2}) 11.
gxf5 (11. Bh6) 11... gxf5 12. Bh3 (12. Nh3 Kh8 $11 {Komodo11}) 12... Ng7 (12...
f4 13. Bxc8 Qxc8 (13... fxe3 14. Qg2+ $18) 14. Bf2 Bxf2 15. Qxf2 c6 $11 {
Komodo11}) 13. Bh6 (13. Kc2 {must be played, sooner or later, so, most
flexible move}) 13... Rf7 (13... Rf6) (13... Qf6) 14. Nge2 f4 15. Bxc8 Qxc8 16.
Rg1 (16. Kc2) 16... Qh3 17. Kc2 Na6 (17... Qxf3 $17 {Komodo11}) (17... Bf2 {
Rudy & Julie} 18. Rxg7+ (18. Rg4 Qxf3) 18... Rxg7 19. Bxg7 Be3 (19... Kxg7 20.
Nxf4 exf4 21. Qxf2 $18) 20. Ng1 Qd7 21. Qg2 Qxg7 22. Qxg7+ Kxg7 $15 {Komodo11})
18. Rg4 (18. Raf1 Bf6 $11 {Komodo11}) 18... Bf6 {why retreat a well placed B,
when it can go forward & control the g1-b6 line? Bl had good attacking chances
before this.} (18... Bf2 $1 19. Rxg7+ Rxg7 20. Bxg7 Be3 21. Ng1 Qd7 22. Qe2
Qxg7 $15) 19. Bxg7 Rxg7 20. Rxg7+ Kxg7 $11 21. Ng1 Qh5 22. Nb5 {after an a
pawn?} b6 {keeping the Q out of a5?, but removes possibilities of a c6 break
to open up the centre} (22... Rg8 $11 23. Nxa7 (23. Rc1 Kh8 24. a3 Qg6 25. b4
Qg2 26. Qxg2 Rxg2+ 27. Kb3 Be7 28. Nxa7 Rxh2 $15) 23... Kf8 24. Rf1 Qg6 25. Qe2
Qg2 26. Kd2 Qxe2+ 27. Nxe2 Rg2 $17 {Komodo11}) 23. Re1 (23. b4 Kh8 24. Kb3 $14
{Komodo11}) 23... Kh8 24. Re2 Rg8 (24... Qf7 $11) 25. Rg2 Nb4+ $5 {angling for
some play against the K, but shedding vital pawns in the process} 26. Kb3 Rxg2
27. Qxg2 Nd3 28. Nxc7 $16 Nc5+ 29. Kc2 Qf7 30. Nb5 Qe7 (30... Qd7 31. Qh3 $18)
(30... a6 31. Nc3 (31. Nxd6 Qd7 32. b4 (32. Nf5 Qa4+ $17) 32... Qa4+ $11) 31...
Qg7 32. Qxg7+ Kxg7 33. b4 Nd7 34. Nge2 $16 {Komodo11}) 31. Qg4 $18 Na6 $2 (
31... a6 32. Qc8+ Kg7 33. Nc7 Kf7 34. Nxa6 $18 (34. b4 $18)) 32. Qc8+ 1-0

[Event "Dyfed Open"]
[Site "?"]
[Date "2018.02.17"]
[Round "2"]
[White "Andrews, Norman G"]
[Black "Thomas, Roy"]
[Result "0-1"]
[WhiteElo "1642"]
[BlackElo "1706"]
[Annotator "Rudy"]
[PlyCount "85"]
[EventDate "2018.??.??"]

1. e4 c5 2. Nc3 a6 3. f4 d6 4. Nf3 Nc6 5. d4 (5. a4) (5. g3) 5... cxd4 6. Nxd4
Nf6 7. Nxc6 (7. Be2) 7... bxc6 8. e5 {a similar variation to a Levenfish
against a Dragon} Ng4 (8... Nd7 {main}) (8... dxe5 {is dangerous, 77% for Wh}
9. Qxd8+ Kxd8 10. fxe5 Nd5 11. Bd2 Bf5 12. O-O-O) 9. Be2 Nh6 (9... h5 $11 {
Komodo11}) 10. Bf3 (10. exd6 exd6 11. Be3 Nf5 12. Bf2 d5 13. O-O $11 {
Rihouay-Goy, Avoine op 2008,1-0}) (10. Be3 e6 11. exd6 Nf5 12. Bf2 Bxd6 13. Qd2
Qc7 14. g3 Rb8 15. Rb1 (15. O-O-O $11) 15... O-O $11 {Delledonne-Peron, Bratto
op 2013,1-0}) (10. O-O $14 {Komodo11}) 10... d5 11. Be3 e6 12. g4 (12. O-O Rb8
13. Na4 Nf5 14. Bf2 Rb4 15. b3 (15. c3 $16) 15... Rxf4 16. Qd2 Rb4 $11 {
Gonzalez Diaz-Saric, ESP ch rapid , Linares 2017,0-1}) 12... g6 (12... Rb8 $11)
13. Ne2 (13. O-O $16) 13... Rb8 14. b3 c5 15. Ng3 d4 16. Bf2 $14 (16. Bd2 $16)
16... Be7 17. Qd3 Bb7 (17... Qa5+ 18. Kf1 O-O $14 {Komodo11}) 18. Bxb7 Qa5+ 19.
Qd2 Qxd2+ 20. Kxd2 Rxb7 21. h3 $16 {the Wh pieces are active & can get more so}
Kd7 22. Ne4 (22. Rhd1) 22... Ng8 23. c3 (23. g5 h6 24. h4 Kc6 25. c3 $16 {
Komodo11}) 23... f5 24. exf6 (24. gxf5 exf5 25. Ng3 dxc3+ 26. Kxc3 Ke6 27. Rac1
$14 {Komodo11}) 24... Nxf6 25. Nxf6+ Bxf6 26. cxd4 cxd4 (26... Rb4 $11 {
Komodo11}) 27. Kd3 Ke7 28. Rhc1 $16 (28. Rac1 $16) 28... Rd8 29. Rc4 g5 30.
fxg5 (30. Bg3) 30... Bxg5 31. Re1 $16 (31. h4 Bf4 32. Rxd4 Rxd4+ 33. Bxd4 e5
34. Bc5+ Ke6 35. Rd1 $16 {Komodo11}) 31... Rbd7 32. Rc6 (32. Re5 h6 33. Be1 $16
{Komodo11}) 32... Rd6 33. Rxd6 (33. Rc4) 33... Rxd6 34. Re5 (34. Bg3 Rc6 35.
Kxd4 Rc2 36. Ke4 Rxa2 37. h4 Bh6 38. g5 Bf8 39. Rd1 a5 40. h5 $14 {Komodo11})
34... Bf4 $11 35. Re4 (35. Rc5) 35... e5 36. Be1 (36. Re1 Kf6 37. Ke4 $11 {
Komodo11}) 36... Ke6 $17 {although Wh has a majority on both wings, & the Bl
pawns seem blockaded,the Bl pieces can cover more space; & also co-operate
better} 37. b4 (37. Bf2 Kd5 38. h4 (38. Bxd4 Kc6 $17) 38... Rh6 39. h5 Rf6 40.
Bxd4 exd4 41. Rxd4+ Kc6 $17 {Komodo11}) 37... Rc6 $19 38. Re2 Kd5 39. a4 Be3 (
39... Rc1 40. Bd2 Bxd2 41. Kxd2 Ra1 $19 {Komodo11}) 40. Ra2 (40. Rxe3 {seems
forced} dxe3 41. Kxe3 Rc1 $19 {Komodo11}) 40... e4+ (40... Rc1 41. Bd2 e4+ 42.
Ke2 Bxd2 43. Kxd2 Rh1 $19 {Komodo11}) 41. Ke2 Bf4 (41... Bg5) (41... Rc1) 42.
Kd1 d3 43. b5 {and Wh resigned because of Rc1 mate} 0-1

[Event "Dyfed Open"]
[Site "?"]
[Date "2018.02.17"]
[Round "2"]
[White "Francis, Matthew"]
[Black "Orton, Paul"]
[Result "1/2-1/2"]
[WhiteElo "1694"]
[BlackElo "1608"]
[Annotator "Rudy"]
[PlyCount "59"]
[EventDate "2018.??.??"]

1. e4 e5 2. Nc3 Nf6 3. f4 d5 4. fxe5 Nxe4 5. d3 Nxc3 6. bxc3 c5 (6... d4) (6...
Be7) (6... Nc6 7. Nf3 Bg4 8. d4 {Francis- Friel, Aberystwyth ch 2014,1-0}) 7.
Nf3 Nc6 8. Be2 Be7 9. O-O O-O 10. d4 (10. Qe1 {main}) 10... Be6 (10... f6 {main
}) 11. Be3 b6 $146 (11... c4) (11... f6) 12. Qd2 Bf5 13. Bg5 (13. Nh4 Be4 14.
Nf5 $11 {Stockfish9}) 13... c4 (13... Be4 $11) 14. Bxe7 Qxe7 15. a4 (15. Rae1
h6 16. Nh4 Be6 17. Nf5 Qg5 18. Qxg5 hxg5 19. a4 $14) 15... Rfd8 (15... f6 $11)
16. Ra2 {strange- Rs are not best just guarding weak pawns} (16. Ng5 Be6 17.
Rf2 Rf8 18. Raf1 Nd8 19. Bh5 $18 {Stockfish9}) 16... h6 (16... Bg4 $11) 17. Qf4
Be6 18. Raa1 Qd7 19. h3 (19. Nh4) 19... Ne7 20. g4 (20. Nh4) 20... Ng6 21. Qg3
Rf8 22. Kh2 Rae8 23. Nh4 {getting rid of a good attacker- the logical followup
to his last is to place Rs on the g file} (23. Rg1 f6 {creating some space
before Wh crunches through on the K side} (23... Kh7 24. h4 Ne7 25. h5 Rg8 26.
g5 {though Bl seems to hold with} Nf5 $11) 24. exf6 Rxf6 25. h4 Qe7 26. Rae1 (
26. h5 Bxg4 $19) 26... Nf4 27. g5 hxg5 28. Nxg5 Qf8 29. Bf3 Bd7 {with chances
for both sides}) 23... Nxh4 24. Qxh4 Qe7 25. Qxe7 Rxe7 26. a5 b5 $11 27. a6 Rb8
28. Bf3 Rb6 29. Ra5 Re8 30. Rb1 $11 {(draw?)} 1/2-1/2

[Event "Dyfed Open"]
[Site "?"]
[Date "2018.02.17"]
[Round "2"]
[White "Howell, Alun"]
[Black "Probert, Malcolm"]
[Result "0-1"]
[WhiteElo "1691"]
[BlackElo "1601"]
[Annotator "Rudy"]
[PlyCount "146"]
[EventDate "2018.??.??"]

1. Nf3 g6 2. d4 Bg7 3. c4 d6 4. Nc3 e5 (4... Nf6 {main King's Indian}) 5. dxe5
dxe5 6. Qxd8+ Kxd8 7. Bg5+ f6 8. O-O-O+ Nd7 9. Be3 (9. Bd2) (9. Bh4) 9... c6 (
9... Bh6) (9... Nh6) 10. g3 (10. g4 Nh6 11. g5 Ng4 12. gxf6 Bxf6 13. Ne4 Nxe3
14. fxe3 Be7 15. Bh3 {Dondukov-Badmatsyrenov, Buryatia ch, Ulan Ude 2013, draw
agreed}) (10. Bc5 Nh6 11. h3 Nf7 12. e3 Kc7 13. Ba3 Bf8 14. Bxf8 Rxf8 15. h4 h5
16. Ne4 Nh6 17. Be2 {Machan-Smagin,Czech op, Pardubice 2015,1-0}) 10... Kc7 11.
Bg2 (11. Ne4 Nb6 12. b3 Bf5 13. Nc5 Re8 14. Bg2 Bh6 15. Bxh6 Nxh6 16. h3 Nf7
17. Nd2 Bc8 18. h4 f5 19. e4 f4 {Meyer-Berg, Politiken cup, Copenhagen 1991,0-1
}) 11... Ne7 (11... Nh6) 12. Ne4 Nb6 (12... b6 $11 {Komodo11}) 13. b3 (13. Bc5
$16 {Komodo11}) 13... Be6 (13... Bf5) 14. Bc5 (14. Nc5 $16) 14... Nec8 15. h3
a5 (15... Nd7) 16. a4 Nd7 $11 17. Ba3 Bf8 18. Kb2 Bxa3+ 19. Kxa3 Rd8 20. Rd2 f5
(20... Bf5 21. Nc3 Ncb6 22. g4 Be6 $11 {Komodo11}) 21. Neg5 (21. Nc3 $11) 21...
Bg8 $17 {the Wh pieces seem more advanced, but they can be driven back,
leaving the Bl pieces with more potentialities} 22. h4 h6 23. Nh3 Ncb6 24. Rc2
Re8 25. Nd2 Nc5 {now the Bl pieces take aim at all sorts of weaknesses} 26. e4
Rad8 27. f3 (27. h5 g5 28. exf5 g4 29. Ng1 Bh7 $19 {Komodo11}) 27... Rd3 $19
28. Nf2 Rd6 (28... Nxc4+ $1 {Komodo11, Bl has Ns & B & R lined up against
these squares, so a combination is a logical result} 29. Nxc4 (29. Rxc4 Rxd2
30. Rxc5 Rxf2 $19) 29... Rxb3+ 30. Ka2 Rb4 31. Bf1 b5 32. axb5 cxb5 $19 {
Komodo11}) 29. Re1 Red8 30. Re2 {compare this position with the one after Bl's
21st; now all the Wh pieces are lined up defensively} Ne6 {and become a target
in consequence} 31. Rb2 Nd4 (31... f4 32. gxf4 (32. g4 Nd4 33. Re1 Nxb3 34.
Nxb3 Nxc4+ 35. Ka2 Nxb2 36. Kxb2 Rd2+ 37. Nxd2 Rxd2+ 38. Kc3 Rxf2 $19) 32...
Nxf4 $19 {Komodo11}) 32. Re3 Ne6 (32... f4) 33. Nb1 f4 34. gxf4 exf4 35. Ree2
Nc5 $17 36. Bf1 (36. Rbc2 Nbd7 37. e5 (37. Nc3 Ne5 $19) 37... Re6 38. Bh3 Rxe5
39. Bxd7 Re3 40. Rxe3 fxe3 41. Ng4 h5 42. Nxe3 Rxd7 $17 {Komodo11}) 36... Bxc4
$19 {destruction of the Q side} (36... Nxb3 $1 {Koodo11} 37. Kxb3 Bxc4+ 38. Kc3
Bxe2 39. Rxe2 Nxa4+ 40. Kc2 Rd4 $19) 37. bxc4 Nxc4+ 38. Ka2 Nxb2 39. Kxb2 Nxa4+
40. Kb3 b5 $19 41. Rc2 Kb6 42. Na3 Nc5+ (42... Rd4) 43. Kb2 Rd2 (43... Rd4) 44.
Ng4 Na4+ 45. Kb3 Nc5+ (45... R8d4) 46. Kb2 h5 47. Ne5 Rxc2+ 48. Kxc2 Rd6 (48...
Rg8 49. Nxc6 Kxc6 50. Bxb5+ Kb6 51. e5 g5 {Komodo11}) 49. Nac4+ bxc4 50. Nxc4+
Kc7 51. Nxd6 Kxd6 $19 52. Bc4 Nd7 (52... Ne6 53. Kc3 g5 $19 {Komodo11}) 53. Kb3
Ne5 54. Be2 Kc5 55. Kc3 a4 56. Bd1 a3 57. Kb3 Kd4 58. Kxa3 c5 (58... g5 {gets
a Q on the h file}) 59. Kb2 c4 60. Kc2 c3 (60... Ke3) 61. Be2 Nc6 (61... Ke3)
62. Kc1 Ke3 63. Bd1 Nd4 64. e5 Ne6 65. Kc2 Kd4 (65... g5) 66. Be2 Kxe5 (66...
g5) 67. Kxc3 Ng7 (67... Nd4 68. Kd3 Nf5 $19) 68. Bd3 Nf5 69. Bxf5 Kxf5 70. Kd2
g5 71. hxg5 Kxg5 72. Ke2 Kh4 73. Kf2 Kh3 0-1